Central Library OPAC University of Rajshahi

Statistics for business and economics / (Record no. 39907)

MARC details
000 -LEADER
fixed length control field 00564nam a2200217 4500
001 - CONTROL NUMBER
control field 39907
003 - CONTROL NUMBER IDENTIFIER
rucl marc code BD-RjUL
005 - DATE AND TIME OF LATEST TRANSACTION
control field 20211209053103.0
008 - FIXED-LENGTH DATA ELEMENTS--GENERAL INFORMATION
fixed length control field 160419s2003 ii ||||| |||| 00| 0 eng d
035 ## - SYSTEM CONTROL NUMBER
System control number (BD-RjUL)
040 ## - CATALOGING SOURCE
Original cataloging agency BD-RjUL
Language of cataloging eng
Transcribing agency BD-RjUL
041 ## - LANGUAGE CODE
Language code of text/sound track or separate title eng
082 ## - DEWEY DECIMAL CLASSIFICATION NUMBER
Edition number 23
Classification number 519.5
Author mark and year HOS 2003
100 ## - MAIN ENTRY--PERSONAL NAME
Personal name Hooda, R P
9 (RLIN) 122929
245 10 - TITLE STATEMENT
Title Statistics for business and economics /
Statement of responsibility, etc. R P Hooda
250 ## - EDITION STATEMENT
Edition statement 3rd ed.
260 ## - PUBLICATION, DISTRIBUTION, ETC. (IMPRINT)
Place of publication, distribution, etc. New Delhi :
Name of publisher, distributor, etc. Macmillan,
Date of publication, distribution, etc. 2003
300 ## - PHYSICAL DESCRIPTION
Pagination xxvii, 855p.
Size 25 cm.
650 ## - SUBJECT ADDED ENTRY--TOPICAL TERM
Topical term or geographic name as entry element Statistics
9 (RLIN) 129687
942 ## - ADDED ENTRY ELEMENTS (KOHA)
Source of classification or shelving scheme Dewey Decimal Classification
Koha item type Books
Holdings
Lost status Source of classification or shelving scheme Damaged status Not for loan Collection code Permanent Location Current Location Shelving location Date acquired Source of acquisition Cost, normal purchase price Total Checkouts Full call number Date last seen Copy number Koha item type
  Dewey Decimal Classification   Not For Loan Non-fiction Central Library, University of Rajshahi Central Library, University of Rajshahi Reading Room 02/06/2008 Paragon, Dhaka 380.00   519.5 HOS 2003 19/04/2016 C-1 Books